Statystyki dla Czyja to stolica?

Kliknij tutaj aby rozwiązać quiz!

Ogólne statystyki

  • Ten quiz został rozwiązany 374 razy
  • Średni wynik to 12 z 20

Statystyki odpowiedzi

StolicaKraj% Poprawnych
KabulAfganistan
100%
TiranaAlbania
100%
AlgierAlgieria
100%
AndoraAndora
100%
RijadArabia Saudyjska
100%
Buenos AiresArgentyna
100%
CanberraAustralia
100%
WiedeńAustria
100%
BakuAzerbejdżan
100%
DhakaBangladesz
100%
BruskelaBelgia
100%
La Paz /SucreBoliwia
100%
SarajewoBośnia i Hercegowina
100%
BrasíliaBrazylia
100%
SantiagoChile
100%
PekinChiny
100%
ZagrzebChorwacja
100%
NikozjaCypr
100%
PragaCzechy
100%
RoseauDominika
100%
Santo DomingoDominikana
100%
DżibutiDżibuti
100%
KairEgipt
100%
TallinnEstonia
100%
ManilaFilipiny
100%
HelsinkiFinlandia
100%
ParyżFrancja
100%
AtenyGrecja
100%
MadrytHiszpania
100%
Amsterdam /HagaHolandia
100%
Nowe DelhiIndie
100%
DublinIrlandia
100%
ReykjavíkIslandia
100%
Jerozolima /Tel Awiw-JafaIzrael
100%
KingstonJamajka
100%
SanaJemen
100%
Phnom PenhKambodża
100%
OttawaKanada
100%
Nur-SułtanKazachstan
100%
NairobiKenia
100%
Tarawa / BairikiKiribati
100%
SeulKorea Południowa
100%
KuwejtKuwejt
100%
WientianLaos
100%
TrypolisLibia
100%
WilnoLitwa
100%
LuksemburgLuksemburg
100%
AntananarywaMadagaskar
100%
Kuala Lumpur, PutrajayaMalezja
100%
VallettaMalta
100%
MeksykMeksyk
100%
MonakoMonako
100%
Ułan BatorMongolia
100%
MaputoMozambik
100%
BerlinNiemcy
100%
NiameyNiger
100%
AbudżaNigeria
100%
ManaguaNikaragua
100%
OsloNorwegia
100%
WellingtonNowa Zelandia
100%
PanamaPanama
100%
LimaPeru
100%
LizbonaPortugalia
100%
San SalvadorSalwador
100%
BelgradSerbia
100%
FreetownSierra Leone
100%
BratysławaSłowacja
100%
LublanaSłowenia
100%
Sri Dźajawardanapura Kotte, KolomboSri Lanka
100%
WaszyngtonStany Zjednoczone
100%
ChartumSudan
100%
Berno / ?Szwajcaria
100%
SztokholmSzwecja
100%
Dodoma , Dar es SalaamTanzania
100%
LoméTogo
100%
AnkaraTurcja
100%
KampalaUganda
100%
KijówUkraina
100%
WatykanWatykan
100%
BudapesztWęgry
100%
LondynWielka Brytania
100%
RzymWłochy
100%
WarszawaPolska
88%
PjongjangKorea Północna
80%
RygaŁotwa
80%
ErywańArmenia
75%
BagdadIrak
75%
San JoséKostaryka
75%
San MarinoSan Marino
75%
VictoriaSeszele
75%
ManamaBahrajn
67%
GeorgetownGujana
67%
BogotaKolumbia
67%
PrisztinaKosowo
67%
BejrutLiban
67%
VaduzLiechtenstein
67%
AsunciónParagwaj
67%
ParamariboSurinam
67%
TunisTunezja
67%
MontevideoUrugwaj
67%
CaracasWenezuela
67%
Port VilaVanuatu
57%
ThimphuBhutan
50%
MińskBiałoruś
50%
PodgoricaCzarnogóra
50%
AsmaraErytrea
50%
Saint George’sGrenada
50%
GwatemalaGwatemala
50%
Port-au-PrinceHaiti
50%
RabatMaroko
50%
Port LouisMauritius
50%
KiszyniówMołdawia
50%
WindhukNamibia
50%
PretoriaRepublika Południowej Afryki
50%
DiliTimor Wschodni
50%
NukuʻalofaTonga
50%
São ToméWyspy Świętego Tomasza i Książęca
50%
BangkokTajlandia
40%
BridgetownBarbados
33%
WagaduguBurkina Faso
33%
AkraGhana
33%
KonakryGwinea
33%
DżakartaIndonezja
33%
JaundeKamerun
33%
BrazzavilleKongo
33%
MaseruLesotho
33%
MonroviaLiberia
33%
KatmanduNepal
33%
MaskatOman
33%
Port MoresbyPapua-Nowa Gwinea
33%
TajpejTajwan
33%
Vaiaku /FunafutiTuvalu
33%
Saint John'sAntigua i Barbuda
25%
LibrevilleGabon
25%
BandżulGambia
25%
PraiaRepublika Zielonego Przylądka
25%
DakarSenegal
25%
LusakaZambia
25%
MalaboGwinea Równikowa
20%
LuandaAngola
0%
NassauBahamy
0%
BelmopanBelize
0%
Porto-Nova /KotonuBenin
0%
GaboroneBotswana
0%
Bandar Seri BegawanBrunei
0%
SofiaBułgaria
0%
GitegaBurundi
0%
NdżamenaCzad
0%
KopenhagaDania
0%
KinszasaDemokratyczna Republika Konga
0%
QuitoEkwador
0%
Mbabane, LobambaEswatini
0%
Addis AbebaEtiopia
0%
SuvaFidżi
0%
TbilisiGruzja
0%
BissauGwinea Bissau
0%
TegucigalpaHonduras
0%
TeheranIran
0%
TokioJaponia
0%
AmmanJordania
0%
DohaKatar
0%
BiszkekKirgistan
0%
MoroniKomory
0%
HawanaKuba
0%
SkopjeMacedonia Północna
0%
LilongweMalawi
0%
MaleMalediwy
0%
BamakoMali
0%
NawakszutMauretania
0%
PalikirMikronezja
0%
NaypyidawMjanma
0%
Yaren / ?Nauru
0%
IslamabadPakistan
0%
NgerulmudPalau
0%
BangiRepublika Środkowoafrykańska
0%
MoskwaRosja
0%
BukaresztRumunia
0%
KigaliRwanda
0%
BasseterreSaint Kitts i Nevis
0%
CastriesSaint Lucia
0%
KingstownSaint Vincent i Grenadyny
0%
ApiaSamoa
0%
SingapurSingapur
0%
MogadiszuSomalia
0%
DżubaSudan Południowy
0%
DamaszekSyria
0%
DuszanbeTadżykistan
0%
Port-of-SpainTrynidad i Tobago
0%
AszchabadTurkmenistan
0%
TaszkentUzbekistan
0%
HanoiWietnam
0%
Jamusukro , AbidżanWybrzeże Kości Słoniowej
0%
MajuroWyspy Marshalla
0%
HoniaraWyspy Salomona
0%
HarareZimbabwe
0%
Abu ZabiZjednoczone Emiraty Arabskie
0%

Rozkład punktacji

Percentyl według liczby udzielonych odpowiedzi

Procent ludzi z każdym wynikiem

Twoja historia wyników

Nie rozwiązałeś tego quizu